000 01915cam a22004574i 4500
003 PE-LiUPU
005 20250731175645.0
008 150616s1994 miu r 000 0 spa d
020 _a080280828X
035 _a(Sirsi) i9780802808288
040 _aPE-LiUPU
_bspa
_cPE-LiUPU
_erda
049 _aPRUA
082 0 4 _b
_221
100 1 _aKelley, Page H.,
_eautor.
245 1 2 _aA Handbook to Biblical Hebrew: an introductory grammar.
264 1 _aGrand Rapids, Michigan :
_bWm. B. Eerdmans Publishing Co.,
_c1994.
300 _a223 páginas ;
_c25 centímetros
336 _atext
_2rdacontent
337 _aunmediated
_2rdamedia
338 _avolume
_2rdacarrier
505 0 _aLecciones para practicar y aprender el hebreo bíblico hebreo : aprendizaje.
526 _aP145
526 _aP127
526 _aP97
526 _aP35
526 _aP14
526 _aP07
650 0 4 _aHEBREO BIBLICO
_xGRAMATICA
_vCOMPENDIOS, MANUALES, ETC.
700 1 _aCrawford, Timothy G.
700 1 _aTerry L. Burden,
_eeditor.
910 _ajck
_bjvq
_cjck
942 _2ddc
_cBOOK
949 _a492.415 K38H
_wDEWEY
_c1
_i40575
_d2016-9-21
_e2016-9-21
_lCCODEBUL1
_mBUL
_n1
_r0
_sY
_tBOOK
_u2015-4-23
_xTEOLOGIA
_zUNKNOWN
_0COMPRA
_o.STAFF. Colección Teología
949 _a492.415 K38H
_wDEWEY
_c2
_i50976
_lCCODEBUL1
_mBUL
_r0
_sY
_tBOOK
_u2015-6-16
_xTEOLOGIA
_zUNKNOWN
_0COMPRA
_o.STAFF. Colección GTeología
994 _aC0
_bPEPRU
596 _a1
999 _a492.415 K38H
_wDEWEY
_c58359
_i40575
_d58359
_e2016-9-21
_f2021-11-12
_g5
_lCCODEBUL1
_mBUL
_n1
_p22.00
_q2
_r0
_sY
_tBOOK
_u2015-4-23
_xTEOLOGIA
_PP35
_0COMPRA
_o.STAFF. Colección Teología
999 _a492.415 K38H
_wDEWEY
_c2
_i50976
_d2019-5-30
_e2017-9-24
_f2021-11-11
_g5
_lCCODEBUL1
_mBUL
_n2
_p22.00
_q1
_r0
_sY
_tBOOK
_u2015-6-16
_xTEOLOGIA
_PP35
_0COMPRA
_o.STAFF. Colección Teología
980 _81
_gALBERTO SANCHEZ Responsable de Automatización